00662nam a22001817a 4500003000900000008004100009040007100050082002600121100002100147245007100168260002900239300003000268505011300298650002700411650001600438650001500454650001100469AR-CdUCM190226b ||||| |||| 00| 0 spa d aMUNICIPALIDAD PROVINCIAL DEL CUSCOcBIBLIOTECA MUNICIPAL DEL CUSCO 217ed.a373.330 /bR91 aRubio Fataccioli aEconomía política : bpara educación secundaria y superior / a[Lima : bIgisa, c1972] a328 páginas ;c20.8 cm. aContenido: Nociones generales -- La producción -- La circulación -- El consumo -- La renta nacional ... aEducación secundaria aEconomía  aPolítica aPerú